Équipes du Tour de France 2021 - Statistiques

Statistiques générales
  • Ce quiz a été pris 110 fois
  • Le résultat moyen est 10 sur 23
Statistiques - réponses
Réponses % Correct
Jumbo - Visma
89%
Groupama - FDJ
76%
Cofidis
71%
Ineos Grenadiers
61%
AG2R Citroën Team
60%
Lotto - Soudal
56%
Movistar Team
56%
Total Direct Energie
46%
Team Arkéa - Samsic
45%
UAE Team Emirates
45%
Deceuninck - Quick-Step
38%
Bahrain Victorious
37%
Alpecin - Fenix
33%
Bora - Hansgrohe
33%
Team DSM
33%
Trek - Segafredo
33%
Intermarché - Wanty -Gobert Matériaux
27%
Israël Start-Up Nation
27%
B&B Hotels P/B KTM
26%
Team BikeExchange
23%
Astana - Premier Tech
16%
EF Education - Nippo
13%
Team Qhubeka Assos
9%
Aucun quiz correspondant
Distribution des résultats
% des personnes avec chaque résultat
Percentile par nombre de réponses
Votre historique - résultats
Vous n’avez pas pris ce quiz